Chargement en cours...

Nanostructures

Détails bibliographiques
Auteur principal: Shchukin, Vitaly A.,[et al.]
Autres auteurs: Vitaly A. Shchukin, Nikolai N. Ledentsov and Dieter Bimberg
Format: Printed Book
Publié: Verlag Berlin Heidelberg Springer 2004
LEADER 00559nam a22001457a 4500
020 |a 81-8128-588-3 
082 |a 537.6221 SHC/N 
100 |a Shchukin, Vitaly A.,[et al.] 
245 |a Nanostructures  |c Vitaly A. Shchukin, [et al.] 
260 |a Verlag Berlin Heidelberg  |b Springer  |c 2004 
300 |a XII,387p. 
700 |a Vitaly A. Shchukin, Nikolai N. Ledentsov and Dieter Bimberg 
942 |c BK 
999 |c 260144  |d 260144 
952 |0 0  |1 0  |4 0  |6 537_622100000000000_SHC_N  |7 0  |9 289548  |a NAN  |b NAN  |c ST1  |d 2014-01-17  |g 995.00  |i 010  |l 0  |o 537.6221 SHC/N  |p NAN010  |r 2018-08-10  |w 2018-08-10  |y BK